000
00266nam a2200133Ia 4500
100
_a
Campbell/ Joe
942
_c
BK
654
_a
Computer
245
_a
RS-232 Solution
260
_b
BPB Pub
_a
New Delhi
_c
1990
082
_a
4.69
546
_a
ENGLISH
999
_c
30015
_d
30015